00366nam a2200169Ia 4500003000900000008004100009040001300050040001300063041000800076100002500084245003900109250001100148260001300159260000900172300000800181490000700189IT-RoPAU120407s9999 xx 000 0 und d aIT-RoPAU cIT-RoPAU aita aGabriele Giannantoni aProfilo di storia della filosofia. aTorino aLoescher c1973 c cm v23